Online
Catalog

Historia de la dominacion española en el Uruguay / (Record no. 5557)

MARC details
000 -CABECERA
campo de control de longitud fija 00899cam a2200229 a 4500
001 - NÚMERO DE CONTROL
campo de control 000005761
005 - FECHA Y HORA DE LA ÚLTIMA TRANSACCIÓN
campo de control 20200929151756.0
008 - DATOS DE LONGITUD FIJA--INFORMACIÓN GENERAL
campo de control de longitud fija 760122m19651967uy b 000 0 spa
040 ## - FUENTE DE LA CATALOGACIÓN
Centro catalogador/agencia de origen DO-SdBNP
Lengua de catalogación spa
Centro/agencia transcriptor BNPHU
082 ## - NÚMERO DE LA CLASIFICACIÓN DECIMAL DEWEY
Número de clasificación 989.502
Número de documento/Ítem B352h
100 1# - ENTRADA PRINCIPAL--NOMBRE DE PERSONA
Nombre de persona Bauza, Francisco,
Fechas asociadas al nombre 1849-1899.
9 (RLIN) 16267
245 10 - MENCIÓN DE TÍTULO
Título Historia de la dominacion española en el Uruguay /
Mención de responsabilidad, etc. Francisco Bauza ; estudio preliminar de Juan E. Pivel Devoto.
260 ## - PUBLICACIÓN, DISTRIBUCIÓN, ETC.
Lugar de publicación, distribución, etc. Montevideo, Uruguay :
Nombre del editor, distribuidor, etc. [Ministerio de Instrucción Pública y Previsión Social],
Fecha de publicación, distribución, etc. 1965.
300 ## - DESCRIPCIÓN FÍSICA
Extensión 6 v. ;
Dimensiones 20 cm.
490 1# - MENCIÓN DE SERIE
Mención de serie Biblioteca artigas ;
490 1# - MENCIÓN DE SERIE
Mención de serie Clásicos uruguayos ;
Designación de volumen o secuencia 95/100
651 #4 - PUNTO DE ACCESO ADICIONAL DE MATERIA--NOMBRE GEOGRÁFICO
Nombre geográfico Uruguay
Subdivisión general Historia
9 (RLIN) 16314
651 #4 - PUNTO DE ACCESO ADICIONAL DE MATERIA--NOMBRE GEOGRÁFICO
Nombre geográfico Uruguay
Subdivisión general Historia
Subdivisión cronológica DESCUBRIMIENTO Y CONQUISTA, 1516-1724
9 (RLIN) 16315
700 1# - PUNTO DE ACCESO ADICIONAL--NOMBRE DE PERSONA
Nombre de persona Pivel Devoto, Juan E.
9 (RLIN) 16316
830 #0 - PUNTO DE ACCESO ADICIONAL DE SERIE-TÍTULO UNIFORME
Título uniforme Biblioteca artigas ;
Número de parte o sección de la obra 95/100
9 (RLIN) 16317
830 #0 - PUNTO DE ACCESO ADICIONAL DE SERIE-TÍTULO UNIFORME
Título uniforme Clásicos uruguayos ;
Número de parte o sección de la obra 95/100
9 (RLIN) 16318
Holdings
Estado de retiro Estado de pérdida Restricciones de uso No para préstamo Código de colección Localización permanente Ubicación/localización actual Ubicación en estantería Fecha de adquisición Número de inventario Total de préstamos Signatura topográfica completa Código de barras Fecha visto por última vez Precio válido a partir de Tipo de ítem Koha
    Préstamo interno   Monografías: Libros y Folletos General General Depósito 22.08.2009 LF1   989.502 B352h | v.2 5761-10 25.06.2020 25.06.2020 Préstamo interno
    Préstamo interno   Monografías: Libros y Folletos General General Depósito 10.11.2009 LF1   989.502 B352h | v.3 5761-20 25.06.2020 25.06.2020 Préstamo interno
    Préstamo interno   Monografías: Libros y Folletos General General Depósito 10.11.2009 LF1   989.502 B352h | v.4 5761-30 25.06.2020 25.06.2020 Préstamo interno
    Préstamo interno   Monografías: Libros y Folletos General General Depósito 10.11.2009 LF1   989.502 B352h | v.5 5761-40 25.06.2020 25.06.2020 Préstamo interno
    Préstamo interno   Monografías: Libros y Folletos General General Depósito 10.11.2009 LF1   989.502 B352h | v.6 5761-50 25.06.2020 25.06.2020 Préstamo interno
      Excluido de préstamo Monografías: Libros y Folletos General General Depósito 10.11.2009 LF1   989.502 B352h | t. 2, v. 1 5761-60 25.06.2020 25.06.2020 No se presta

Powered by Koha